00332nam a2200109Ia 4500008004100000041000800041082001300049100001700062245007700079260005300156300001300209231228s2010 xx 000 0 und d aeng a6.1bKRA aKRAMER (Jen) aJoomla! Start to Finish: How to Plan, Execute and Maintain Your Web Site aNew DelhibWiley India Pvt. Ltd. New Delhic2010 axvi, 333